Η τέχνη του χρόνου

Αποθηκεύτηκε σε:
Λεπτομέρειες βιβλιογραφικής εγγραφής
Κύριος συγγραφέας: Servan-Schreiber, Jean-Louis, 1937-
Άλλοι συγγραφείς: Μητσάκου, Λουίζα, 1948- (trlf)
Μορφή: Βιβλίο
Γλώσσα:Greek
French
Δημοσίευση: Αθήνα : Ροές, 1986.
Σειρά:Το βιβλίο του μήνα (Ροές)
Θέματα:
Ετικέτες: Προσθήκη ετικέτας
Δεν υπάρχουν, Καταχωρήστε ετικέτα πρώτοι!

MARC

LEADER 00000cam a2200000 i 4500
001 1/97604
008 950221s1986 gr | ||| |||| ||gre||
035 |l 10010622 
040 |a GR-MyUA  |b gre  |e AACR2 
041 1 |a gre  |h fre 
082 7 |a 640.43   |2 (22) 
100 1 |a Servan-Schreiber, Jean-Louis,   |d 1937- 
245 1 2 |a Η τέχνη του χρόνου /   |c Jean-Louis Servan Schreiber ; μετάφραση: Λουίζα Μητσάκου ; επιμέλεια κειμένου: Ε. Κ. Γαζής, Δ. Διαλυσμάς.  
260 |a Αθήνα :   |b Ροές,   |c 1986.  
300 |a 210 σ. ;   |c 24 εκ.  
490 1 |a (Το βιβλίο του μήνα/ Ροές)  
500 |a Τίτλος πρωτοτύπου: L'art du temps.  
650 0 0 |a Time management. 
700 1 |a Μητσάκου, Λουίζα,   |d 1948-  |e trlf 
830 0 |a Το βιβλίο του μήνα (Ροές) 
852 |a INST  |b LESVOS  |e 19950221  |h 640.43 SER  |p 005100002854  |q 005100002854  |t BK  |y 0 
909 |a Λ  |b 011311 
922 |a 1ΕΛΗ  |b 198807  |c ΠΠ/8114 
970 |z 21/02/1995